[Event "CRO-chT"]
[Site "Makarska Tucepi"]
[Date "1995.??.??"]
[Round "?"]
[White "Ljubicic, Filip"]
[Black "Vujakovic, Branko"]
[Result "0-1"]
[WhiteElo "2345"]
[BlackElo "2375"]

1.e4 c5 2.Nf3 Nc6 3.d4 cxd4 4.Nxd4 Qc7 5.Nc3 e6 6.Be2 a6 7.O-O Nf6 8.Be3 Be7
9.f4 d6 10.Qe1 O-O 11.Qg3 Nxd4 12.Bxd4 b5 13.Bd3 b4 14.Nd1 e5 15.fxe5 Nh5
16.Qf3 dxe5 17.Be3 Nf6 18.Nf2 Be6 19.g4 Bc5 20.Bxc5 Qxc5 21.Kg2 Nd7 22.h4 Qe7
23.Qg3 f6 24.Nd1 Nc5 25.Ne3 Rad8 26.Nf5 Bxf5 27.gxf5 Rd4 28.Rae1 Rfd8 29.Re3 a5
30.Rff3 Qb7 31.Qe1 Kh8 32.Rg3 Na4 33.b3 Nc3 34.a4 Qf7 35.Kh3 Qh5 36.Rg4 Nd5
37.Rf3 Nf4+ 38.Rfxf4 exf4 39.Qf1 Qf7 40.Qxf4 Rxd3+ 41.cxd3 Qxb3 42.Rg3 Qxa4
43.Qc7 Qd7 44.Qxa5 Rb8 45.d4 b3 46.Qa3 Qb7 47.Qb2 Qxe4 48.Rxb3 Qxf5+ 49.Kg3 Rxb3+
50.Qxb3 h5 51.Qd1 Qd5 52.Qe2 Kg8 53.Qe8+ Kh7 54.Qe2 Kh6 55.Qe8 Kh7 56.Qe2 Qf5
57.Qd1 Kg6 58.d5 Qe5+ 59.Kg2 Qe4+ 60.Kh3 f5 61.Qb3 Qg4+ 62.Kh2 Qxh4+ 63.Kg2 Qe4+
64.Kf1 Qf4+ 65.Ke2 Qd6 66.Qc4 Kf7 67.Qb5 h4 68.Kf3 h3 69.Qd3 Qe5 70.Kf2 Qf4+
71.Kg1 Qg4+ 72.Kf2 Qg2+ 73.Ke1 Qe4+  0-1

[Event "Makati op"]
[Site "Manila"]
[Date "1995.??.??"]
[Round "2"]
[White "Nolte, Rolando"]
[Black "Perez, Roland"]
[Result "0-1"]
[WhiteElo "2310"]
[BlackElo "2230"]

1.e4 c5 2.Nf3 Nc6 3.d4 cxd4 4.Nxd4 Qb6 5.Nb3 Nf6 6.Nc3 e6 7.a3 Be7 8.Be3 Qc7
9.f4 d6 10.Qf3 a6 11.Bd3 O-O 12.O-O b5 13.Rae1 Bb7 14.Qh3 Rfe8 15.Ne2 Nd7
16.g4 Bf8 17.e5 g6 18.exd6 Bxd6 19.Ng3 f5 20.c4 Nf6 21.gxf5 exf5 22.c5 Bf8
23.Bd2 Qd7 24.Nxf5 gxf5 25.Qxf5 Qf7 26.Bc3 Bg7 27.Nd2 Ne7 28.Qe6 Qxe6 29.Rxe6 Ned5
30.Rxe8+ Rxe8 31.Be5 Ng4 32.Bxg7 Kxg7 33.Be4 Rxe4 34.Nxe4 Nde3 35.Nd6 Nxf1
36.Nxb7 Nfe3 37.c6 Nd5 38.Nc5 Nc7 39.h3 Ne3 40.Nd3 Kf6 41.Kf2 Ned5 42.Kg3 Kf5
43.Kh4 Ne6 44.Kh5 Ndxf4+ 45.Nxf4 Nxf4+ 46.Kh6 Ke6 47.h4 Ng2 48.h5 Nf4 49.Kg5 Nd5
50.Kh6 Kd6 51.Kxh7 Nf6+  0-1

[Event "Mar del Plata op"]
[Site "Mar del Plata"]
[Date "1995.??.??"]
[Round "5"]
[White "Sanchez Almeyra, Jorge"]
[Black "Quatrini, Alejandro"]
[Result "1-0"]
[WhiteElo "2430"]
[BlackElo "2210"]

1.e4 c5 2.Nf3 Nc6 3.d4 cxd4 4.Nxd4 Qb6 5.Nb3 Nf6 6.Nc3 e6 7.Bd3 a6 8.Be3 Qc7
9.f4 d6 10.Qf3 Be7 11.g4 b5 12.g5 Nd7 13.O-O-O Nb4 14.Kb1 Bb7 15.h4 d5 16.Bd4 O-O
17.Rc1 Qd8 18.Qe3 Rc8 19.g6 fxg6 20.exd5 Nxd3 21.cxd3 exd5 22.h5 gxh5 23.Rxh5 Bf6
24.Qe6+ Rf7 25.Rxh7 Nf8 26.Rh8+ Kxh8 27.Qxf7 Rc7 28.Bxf6  1-0

[Event "Mlada Boleslav op"]
[Site "?"]
[Date "1995.??.??"]
[Round "?"]
[White "Manik, Mikulas"]
[Black "Hatanbaatar, Bazar"]
[Result "1-0"]
[WhiteElo "2380"]
[BlackElo "2440"]

1.e4 c5 2.Nf3 Nc6 3.d4 cxd4 4.Nxd4 Qc7 5.Nc3 e6 6.g3 a6 7.Bg2 Nf6 8.O-O Bc5
9.Be3 Ne5 10.h3 Ba7 11.a4 Nc4 12.Ndb5 axb5 13.Nxb5 Qc6 14.Bxa7 Nxb2 15.Qd4 Nc4
16.Bc5 b6 17.Bd6 Bb7 18.Nc7+ Kd8 19.Nxa8 Bxa8 20.Be5 Nxe5 21.Qxe5 Ke7 22.a5 d6
23.Qg5 h6 24.Qxg7 Rh7 25.Qxf6+ Kxf6 26.e5+ Kxe5 27.Bxc6 Bxc6 28.axb6 f5 29.Ra7 Rh8
30.Re1+ Kf6 31.Rc7 Be4 32.b7 Rb8 33.Rb1 h5 34.Kf1 h4 35.gxh4 f4 36.Ke2 f3+
37.Ke3 Ke5 38.Rb5+ d5 39.c3 Kf5 40.Kd2  1-0

[Event "Mlada Boleslav op"]
[Site "?"]
[Date "1995.??.??"]
[Round "?"]
[White "Carlsson, Daniel"]
[Black "Hatanbaatar, Bazar"]
[Result "0-1"]
[WhiteElo "2125"]
[BlackElo "2440"]

1.e4 c5 2.Nf3 Nc6 3.d4 cxd4 4.Nxd4 Qc7 5.Be3 e6 6.Nc3 a6 7.Bd3 Nf6 8.O-O Ne5
9.h3 Bc5 10.Qe2 d6 11.Nb3 Bxe3 12.Qxe3 b5 13.Rfd1 O-O 14.f4 Nxd3 15.cxd3 Bb7
16.Rac1 Qd8 17.Ne2 a5 18.Kh2 b4 19.Nd2 Re8 20.Nf3 Nd7 21.Ng3 Nf8 22.Rc2 e5
23.f5 Nd7 24.Nh5 Rc8 25.Rxc8 Bxc8 26.Rc1 f6 27.Qa7 g6 28.Ng3 Nc5 29.fxg6 hxg6
30.Nh4 Re7 31.Qa8 Kf7 32.Rf1 Qc7 33.d4 Ne6 34.Qd5 Bb7 35.Qb3 Ba6 36.Rf2 Qc1
37.Nxg6 Kxg6 38.Nf5 Qc7 39.dxe5 dxe5 40.Nxe7+ Qxe7 41.Qg3+ Kh7 42.Qh4+ Kg7
43.Qg4+ Kf8 44.Qg6 Nf4 45.Qf5 Qf7 46.g3 Nh5 47.Rd2 Bb5 48.b3 Be8 49.h4 Ng7
50.Qc8 Kg8 51.Qd8 Ne6 52.Qxa5 Nd4 53.Rf2 Bc6 54.g4 Bxe4 55.g5 Nf3+ 56.Rxf3 Bxf3
57.Qxb4 fxg5 58.Qb8+ Kh7 59.Qxe5 Qf4+ 60.Qxf4 gxf4 61.b4 Bc6 62.Kh3 Bd7+
63.Kg2 Kg6 64.Kf3 Kf5 65.h5 Bc6+ 66.Kf2 Kg5  0-1

[Event "JUG-chT"]
[Site "Nis"]
[Date "1995.??.??"]
[Round "?"]
[White "Batanjac, Aleksandar"]
[Black "Zivic, Dragan"]
[Result "1-0"]
[WhiteElo "2205"]
[BlackElo "2270"]

1.e4 c5 2.Nf3 Nc6 3.d4 cxd4 4.Nxd4 Qb6 5.Nb3 Nf6 6.Bd3 e6 7.O-O d5 8.Be3 Qc7
9.Nc3 dxe4 10.Nxe4 Be7 11.Nd4 a6 12.Nxf6+ Bxf6 13.Be4 Ne7 14.c3 O-O 15.Qf3 Be5
16.Qh3 f5 17.Bc2 Rf6 18.Rad1 Nd5 19.Bc1 Nf4 20.Bxf4 Bxf4 21.g3 Bd6 22.Rfe1 Kh8
23.Rd2 g6 24.Qh4 Kg7 25.Red1 e5 26.Nb3 b6 27.Qg5 Bb7 28.h4 Qc6 29.Qxf6+ Kxf6
30.Rxd6+ Ke7 31.Rxc6 Bxc6 32.Rd2 a5 33.Nc1 Rc8 34.Kf1 Bd7 35.Rd5 Ke6 36.Bb3 a4
37.Rb5+ axb3 38.Rxb6+ Ke7 39.Nxb3 Ra8 40.a3 f4 41.Ke2 Rf8 42.gxf4 Rxf4 43.Rb4 e4
44.Ke3 Rf3+ 45.Kxe4 Rxf2 46.Nd4 Rh2 47.Kd5 h6 48.a4 g5 49.hxg5 hxg5 50.Nc6+ Kf6
51.a5 Rd2+ 52.Kc5 g4 53.Rd4 Rxd4 54.Nxd4 g3 55.Ne2 g2 56.a6  1-0

[Event "JUG-chT"]
[Site "Nis"]
[Date "1995.??.??"]
[Round "?"]
[White "Ivanisevic, Dusko"]
[Black "Djukic, Zeljko"]
[Result "0-1"]
[WhiteElo "2140"]
[BlackElo "2375"]

1.e4 c5 2.Nf3 Nc6 3.d4 cxd4 4.Nxd4 Qc7 5.Nxc6 bxc6 6.Bd3 e5 7.O-O Nf6 8.Qe2 Be7
9.Be3 O-O 10.Nd2 d5 11.Bg5 Re8 12.c3 Nxe4 13.Nxe4 dxe4 14.Qxe4 Bxg5 15.Qxh7+ Kf8
16.Qh8+ Ke7 17.Qxg7 Bf6 18.Qg3 Be6 19.Be4 Rad8 20.Qe3 Rd6 21.Rad1 Red8 22.Rxd6 Rxd6
23.b4 Qb6 24.Qxb6 axb6 25.a4 Bc4 26.Re1 Bg5 27.Bf3 f6 28.a5 bxa5 29.bxa5 Bd2
30.Rb1 Bb5 31.c4 Bxc4 32.Rb7+ Ke6 33.Ra7 c5 34.Rc7 Bb4 35.h4 f5 36.Bb7 Kf6
37.Kh2 Ba6 38.Bxa6 Rxa6 39.Rh7 Kg6 40.Rh8 Bxa5  0-1

[Event "JUG-chT"]
[Site "Nis"]
[Date "1995.??.??"]
[Round "?"]
[White "Vukovic, Zdravko"]
[Black "Djukic, Zeljko"]
[Result "1/2-1/2"]
[WhiteElo "2470"]
[BlackElo "2375"]

1.e4 c5 2.Nf3 Nc6 3.d4 cxd4 4.Nxd4 Qc7 5.Nc3 e6 6.Be2 a6 7.O-O Nf6 8.Kh1 Bb4
9.Nxc6 bxc6 10.Bg5 Bxc3 11.bxc3 c5 12.Bf3 Qe5 13.Bxf6 gxf6 14.Rb1 a5 15.Qd2 Rb8
16.Rxb8 Qxb8 17.Qe3 Ba6 18.Be2 Bxe2 19.Qxe2 Qb2 20.Qd3 O-O 21.a4 c4 22.Qxc4 Qxc2
23.h3 Rb8 24.Qd4 Kg7 25.e5 f5 26.Re1 Rb2 27.Kg1 Qd2 28.Rd1 Qxd4 29.Rxd4 Rb1+
30.Kh2 Rc1 31.Rxd7 Rxc3 32.Ra7 f4 33.Rxa5 Rc2 34.f3 Ra2 35.h4 Kg6 36.Ra8 Re2
37.Rg8+ Kh6 38.Rg4 Rxe5 39.Rxf4 Kg6 40.Rg4+ Kf6 41.Rg5 Re2 42.f4 Re4  1/2-1/2

[Event "JUG-ch sf"]
[Site "Nis"]
[Date "1995.??.??"]
[Round "?"]
[White "Marjanovic, Slavoljub"]
[Black "Vojinovic, Goran"]
[Result "1/2-1/2"]
[WhiteElo "2425"]
[BlackElo "2440"]

1.e4 c5 2.Nf3 Nc6 3.d4 cxd4 4.Nxd4 Qc7 5.Nc3 e6 6.Be2 a6 7.O-O Nf6 8.Kh1 Bb4
9.Nxc6 dxc6 10.Qd4 Qd6 11.Qe3 e5 12.Na4 O-O 13.a3 Ba5 14.Rd1 Qe7 15.Bd2 Bxd2
16.Rxd2 Be6 17.Rad1 Rad8 18.Qc5 Qxc5 19.Nxc5 Rxd2 20.Rxd2 Bc8 21.f3 Re8  1/2-1/2

[Event "JUG-ch sf"]
[Site "Nis"]
[Date "1995.??.??"]
[Round "?"]
[White "Marjanovic, Slavoljub"]
[Black "Barlov, Dragan"]
[Result "1/2-1/2"]
[WhiteElo "2425"]
[BlackElo "2485"]

1.e4 c5 2.Nf3 Nc6 3.d4 cxd4 4.Nxd4 Qc7 5.Nc3 e6 6.Be2 a6 7.f4 Bb4 8.Nxc6 bxc6
9.Qd4 Bf8 10.e5 c5 11.Qd3 d5 12.exd6 Bxd6 13.Ne4 Be7 14.Bf3 Rb8 15.c4 Nf6
16.Nc3 O-O 17.O-O Nd7 18.b3 Bf6 19.Kh1 Rd8 20.Qc2 Nf8 21.Be4 Bd4 22.Rb1 f5  1/2-1/2

[Event "JUG-ch sf"]
[Site "Nis"]
[Date "1995.??.??"]
[Round "?"]
[White "Cabrilo, Goran"]
[Black "Vojinovic, Goran"]
[Result "1/2-1/2"]
[WhiteElo "2465"]
[BlackElo "2440"]

1.e4 c5 2.Nf3 Nc6 3.d4 cxd4 4.Nxd4 Qc7 5.Nb5 Qb8 6.c4 Nf6 7.N5c3 b6 8.g3 Bb7
9.Bg2 e6 10.O-O Ne5 11.b3 Bc5 12.Ba3 Nc6 13.Bxc5 bxc5 14.Nb5 O-O 15.Nd6 e5
16.f4 Ne8 17.Nxb7 Qxb7 18.Nc3 d6 19.fxe5 Nxe5  1/2-1/2

[Event "JUG-ch"]
[Site "Novi Sad"]
[Date "1995.??.??"]
[Round "?"]
[White "Matulovic, Milan"]
[Black "Damljanovic, Branko"]
[Result "1-0"]
[WhiteElo "2445"]
[BlackElo "2575"]

1.e4 c5 2.Nf3 Nc6 3.d4 cxd4 4.Nxd4 Qc7 5.Nc3 e6 6.Be2 a6 7.O-O Nf6 8.Kh1 Be7
9.f4 d6 10.Be3 O-O 11.Qe1 Nxd4 12.Bxd4 b5 13.a3 Bb7 14.Qg3 Rae8 15.Rae1 Bd8
16.e5 dxe5 17.Bxe5 Qc8 18.Bf3 g6 19.Bd6 Be7 20.Bxe7 Rxe7 21.f5 Ree8 22.Bxb7 Qxb7
23.fxg6 fxg6 24.Qd6 Qc8 25.h3 Rf7 26.Rf2 Rd7 27.Qe5 Nd5 28.Ne4 Qc7 29.Qg5 Rf7
30.Rxf7 Qxf7 31.Qe5 Qf5 32.Qd6 Nf4 33.Ng3 Qg5 34.Kh2 e5 35.Qxa6 h5 36.Qxb5 Re7
37.Qc4+ Kg7 38.Qf1 Rf7 39.Ne4 Qe7 40.Qc4 Qb7 41.Qc3 Qd5 42.Qc5  1-0

[Event "JUG-ch"]
[Site "Novi Sad"]
[Date "1995.??.??"]
[Round "?"]
[White "Popovic, Petar"]
[Black "Matulovic, Milan"]
[Result "1/2-1/2"]
[WhiteElo "2545"]
[BlackElo "2445"]

1.e4 c5 2.Nf3 Nc6 3.d4 cxd4 4.Nxd4 Qc7 5.Nc3 e6 6.g3 a6 7.Bg2 Nge7 8.Nb3 Ng6
9.O-O Be7 10.f4 O-O 11.Be3 d6  1/2-1/2

[Event "Odorheiu Secuiesc zt"]
[Site "Odorheiu Secuiesc"]
[Date "1995.??.??"]
[Round "7"]
[White "Varga, Zoltan"]
[Black "Horvath, Csaba"]
[Result "1-0"]
[WhiteElo "2460"]
[BlackElo "2500"]

1.e4 c5 2.Nf3 Nc6 3.d4 cxd4 4.Nxd4 Qc7 5.Nc3 e6 6.Be3 a6 7.Bd3 Nf6 8.O-O Ne5
9.h3 Bc5 10.Qe2 d6 11.f4 Ng6 12.Rae1 O-O 13.Nb3 Bxe3+ 14.Qxe3 b5 15.Nd4 Qc5
16.e5 dxe5 17.fxe5 Nd7 18.Bxg6 hxg6 19.Ne4 Qd5 20.Ng5 Bb7 21.Rf2 Rac8 22.Rd2 Qxa2
23.Qg3 Rfd8 24.Ndxe6 fxe6 25.Qh4 Nf8 26.Rf2 Rd7 27.Rxf8+ Kxf8 28.Rf1+ Ke7
29.Nh7+  1-0

[Event "CZE-ch (Women)"]
[Site "Olomouc"]
[Date "1995.??.??"]
[Round "?"]
[White "Pallova, Martina"]
[Black "Kawaciukova, Zuzana"]
[Result "0-1"]
[WhiteElo "2055"]
[BlackElo "2110"]

1.e4 c5 2.Nf3 Nc6 3.d4 cxd4 4.Nxd4 Qc7 5.Nc3 e6 6.Ndb5 Qb8 7.a4 a6 8.Na3 Nf6
9.Bd3 Bc5 10.Bg5 b6 11.Nc4 Bb7 12.O-O Ne5 13.Bxf6 gxf6 14.Nxe5 Qxe5 15.Kh1 h5
16.f4 Qc7 17.f5 Ke7 18.Qf3 Qe5 19.fxe6 Bd6 20.Qh3 fxe6 21.Rae1 Rag8 22.Nd5+ Bxd5
23.exd5 Qxd5 24.Bxa6 Rg4 25.b3 Rhg8 26.Re2 Qg5 27.Rfe1 Bxh2 28.Qxh2 Rh4 29.Bb7 Rxh2+
30.Kxh2 h4 31.Re3 Qc5 32.Be4 f5 33.Bd3 f4 34.R3e2 Qg5 35.Rf1 h3 36.gxh3 f3
37.Ref2 Qg3+ 38.Kh1 Qxh3+ 39.Rh2 Qg3 40.Be4 Rh8 41.Rf2 Rxh2+  0-1

[Event "CZE-ch"]
[Site "Olomouc"]
[Date "1995.??.??"]
[Round "?"]
[White "Sluka, Radek"]
[Black "Vokac, Marek"]
[Result "0-1"]
[WhiteElo "2310"]
[BlackElo "2475"]

1.e4 c5 2.Nf3 Nc6 3.d4 cxd4 4.Nxd4 Qb6 5.Nb3 Nf6 6.Nc3 e6 7.Bd3 Be7 8.O-O O-O
9.Kh1 a6 10.f4 d6 11.Qf3 Qc7 12.Be3 g6 13.Rae1 Nd7 14.Qh3 Qd8 15.Rf3 Bf6
16.e5 dxe5 17.fxe5 Bg7 18.Ne4 Ndxe5 19.Bg5 f6 20.Rxf6 Rxf6 21.Qh4 Nd7 22.Nbc5 Nxc5
23.Nxf6+ Bxf6 24.Bxf6 Qe8 25.Be2 Nd7 26.Bc3 Qe7 27.Qh6 Nb6 28.Rf1 Bd7 29.Bf6 Qf8
30.Qh4 Nd5 31.Bg5 Qb4 32.c4 Qxb2 33.Bd3 Qd4 34.Qg3 Qe5 35.Qh4 Rf8 36.Rxf8+ Kxf8
37.cxd5 Qa1+  0-1

[Event "Pamplona op"]
[Site "Pamplona"]
[Date "1995.??.??"]
[Round "?"]
[White "Sion Castro, Marcelino"]
[Black "Pogorelov, Ruslan"]
[Result "1/2-1/2"]
[WhiteElo "2390"]
[BlackElo "2440"]

1.e4 c5 2.Nf3 Nc6 3.d4 cxd4 4.Nxd4 Qc7 5.c4 Qe5 6.Nb5 Qxe4+ 7.Be3 Qe5 8.N1c3 a6
9.Nd5 axb5 10.f4 Qb8 11.Bb6 f5 12.Nc7+ Kf7 13.Nxa8 Qxa8 14.cxb5 e6 15.bxc6 bxc6
16.Be2 Bb4+ 17.Kf2 Nf6 18.Bf3 Qb8 19.Be3 Bd6 20.Qd2 e5 21.fxe5  1/2-1/2

[Event "Pardubice op"]
[Site "Pardubice"]
[Date "1995.??.??"]
[Round "?"]
[White "Macieja, Bartlomiej"]
[Black "Vokac, Marek"]
[Result "1/2-1/2"]
[WhiteElo "2395"]
[BlackElo "2475"]

1.e4 c5 2.Nf3 Nc6 3.d4 cxd4 4.Nxd4 Qb6 5.Nb3 Nf6 6.Nc3 e6 7.Bd3 a6 8.O-O Be7
9.Be3 Qc7 10.Na4 O-O 11.Nb6 Rb8 12.f4 d6 13.Qf3 Re8 14.Nd2 Bf8 15.a3 g6 16.Rae1 Bg7
17.Kh1 Nd7 18.Ndc4 Nd4 19.Qf2 Nxb6 20.Nxb6 Qxb6 21.e5 dxe5 22.fxe5 Qc7 23.Bxd4 b6
24.Be4 Rf8 25.Re3 Bb7 26.Rc3 Qe7 27.Qe3 Rfc8 28.Rxc8+ Rxc8 29.c3 b5 30.b4 Bxe4
31.Qxe4 Qc7 32.Qf4 Rd8 33.Qe4 Rd5 34.Re1 Qc4 35.Qb1 h5 36.h4 Bh6 37.Re4 Qc6
38.Qe1 Qd7 39.g3 Bg7 40.Kh2 Qc6 41.Qe2 Qc7  1/2-1/2

[Event "Pardubice op"]
[Site "Pardubice"]
[Date "1995.??.??"]
[Round "?"]
[White "Hracek, Zbynek"]
[Black "Simic, Dragan"]
[Result "1-0"]
[WhiteElo "2635"]
[BlackElo "2255"]

1.e4 c5 2.Nf3 Nc6 3.d4 cxd4 4.Nxd4 Qc7 5.Nc3 e6 6.Be3 a6 7.Bd3 b5 8.O-O Bb7
9.Kh1 Nf6 10.a3 Nxd4 11.Bxd4 Bc5 12.Bxc5 Qxc5 13.f4 d6 14.Qe1 Nd7 15.Rd1 O-O
16.Qh4 h6 17.Rf3 Rfe8 18.Rg3 Kf8 19.Qg4 g6 20.e5 dxe5 21.Bxg6 Nf6 22.Qh4 Ke7
23.Be4 Rad8 24.Rgd3 Rxd3 25.Rxd3 b4 26.axb4 Qxb4 27.Qxh6 Nh5  1-0

[Event "Paris op"]
[Site "Paris"]
[Date "1995.??.??"]
[Round "?"]
[White "Payen, Arnaud"]
[Black "Fogarasi, Tibor"]
[Result "0-1"]
[WhiteElo "2380"]
[BlackElo "2500"]

1.e4 c5 2.Nf3 Nc6 3.d4 cxd4 4.Nxd4 Qc7 5.Nc3 e6 6.Be2 a6 7.O-O Nf6 8.Kh1 Be7
9.f4 d6 10.a4 O-O 11.Be3 Re8 12.Qd2 Rb8 13.Bf3 Bd7 14.Nb3 b6 15.g4 Bc8 16.g5 Nd7
17.Rad1 Bf8 18.Bg2 Nc5 19.Nd4 Bb7 20.Nde2 Rbd8 21.Qc1 Nb4 22.Rd4 Nc6 23.Rdd1 Ba8
24.Ng3 Qb8 25.h4 b5 26.axb5 axb5 27.h5 b4 28.Nce2 d5 29.e5 b3 30.c3 Na5 31.Bxc5 Bxc5
32.Nd4 Bb7 33.Rfe1 Qc7 34.Kh2 Ra8 35.Bf1 Ba6 36.Bxa6 Rxa6 37.Nf1 Bxd4 38.Rxd4 Nc6
39.Rdd1 Ra4 40.Qe3 Rea8 41.Ng3 Ra2 42.Re2 Na5 43.Rb1 Nc4 44.Qf2 Qa7 45.Qg2 g6
46.Kh3 Ra1 47.Rxa1 Qxa1 48.hxg6 hxg6 49.f5 Qc1 50.fxg6 fxg6 51.Ne4 Kg7 52.Qf3 Rf8
53.Nf6 Qxg5 54.Qg4 Rh8+ 55.Kg3 Qc1 56.Qd4 Qg5+ 57.Qg4 Qxg4+ 58.Nxg4 Rh1 59.Nf2 Rc1
60.Nd3 Rc2 61.Kf2 g5 62.Nc5 Nxb2 63.Nxb3 Nd3+ 64.Kf1 Rxc3  0-1

[Event "Paris op"]
[Site "Paris"]
[Date "1995.??.??"]
[Round "?"]
[White "Prie, Eric"]
[Black "Horvath, Jozsef"]
[Result "1-0"]
[WhiteElo "2480"]
[BlackElo "2515"]

1.e4 c5 2.Nf3 Nc6 3.d4 cxd4 4.Nxd4 Qc7 5.Nc3 e6 6.Be3 a6 7.Bd3 Nf6 8.O-O Ne5
9.h3 Bc5 10.Kh1 d6 11.f4 Ng6 12.Qd2 O-O 13.a3 Bd7 14.Nde2 Rfd8 15.Ng3 Be8
16.f5 Bxe3 17.Qxe3 Ne5 18.Be2 Rac8 19.Qg5 Kh8 20.Rf4 Qb6 21.Raf1 Qxb2 22.fxe6 h6
23.Rh4 Nh7 24.Rxh6 gxh6 25.Qxh6 Qxc3 26.Nh5 Ng6 27.Rf6 Qa1+ 28.Bf1  1-0

[Event "Paris op"]
[Site "Paris"]
[Date "1995.??.??"]
[Round "?"]
[White "Relange, Eloi"]
[Black "Horvath, Jozsef"]
[Result "1/2-1/2"]
[WhiteElo "2420"]
[BlackElo "2515"]

1.e4 c5 2.Nf3 Nc6 3.d4 cxd4 4.Nxd4 Qc7 5.Nc3 e6 6.Be3 a6 7.Bd3 Nf6 8.O-O Ne5
9.h3 Bc5 10.Kh1 d6 11.f4 Ng6 12.Qd2 O-O 13.a3 Bd7 14.Nce2 Ne7 15.Bf2 e5 16.fxe5 dxe5
17.Bg3 Nh5 18.Bh2 Bd6 19.Qg5 g6 20.Nf5 f6 21.Qh6 gxf5 22.Qxh5 fxe4 23.Bxe4 f5
24.Qg5+ Kh8 25.Rad1 Rf7 26.Qd2 Nc8 27.Qh6 f4 28.Rf3 Bc6 29.Bxc6 bxc6 30.Rfd3 Bf8
31.Rd8 Nb6 32.Rxa8 Nxa8 33.Qe6 Nb6 34.Nc3 Rg7 35.Bg1 Nd5 36.Nxd5 cxd5 37.Qxd5 Qxc2
38.Rd2 Qc1 39.Re2 Rg8 40.Qxe5+ Bg7 41.Qe4 f3 42.Qxf3 Bd4 43.Rf2 Bxf2 44.Qxf2 h6
45.Qf6+ Kh7 46.Qf5+ Rg6 47.Qf7+  1/2-1/2

[Event "Paris op"]
[Site "Paris"]
[Date "1995.??.??"]
[Round "?"]
[White "Relange, Eloi"]
[Black "Fogarasi, Tibor"]
[Result "1-0"]
[WhiteElo "2420"]
[BlackElo "2500"]

1.e4 c5 2.Nf3 Nc6 3.d4 cxd4 4.Nxd4 Qc7 5.Nc3 e6 6.Be3 a6 7.Bd3 Nf6 8.O-O Be7
9.Kh1 O-O 10.f4 d6 11.Qf3 Bd7 12.Nb3 b5 13.a3 b4 14.axb4 Nxb4 15.Qe2 a5 16.Nd4 Nxd3
17.cxd3 a4 18.g4 g6 19.f5 exf5 20.Nxf5 Bxf5 21.gxf5 a3 22.Bd4 axb2 23.Rxa8 Rxa8
24.Qxb2 Nd7 25.Qf2 f6 26.fxg6 hxg6 27.Rg1 Kf7 28.Qh4 Rg8 29.Nd5 Qd8 30.Nf4 Nf8
31.Rf1 Rg7 32.Qf2 Kg8 33.Nd5 Nd7 34.Bxf6 Bxf6 35.Nxf6+ Nxf6 36.Qxf6 Qxf6
37.Rxf6 d5 38.e5 d4 39.Rd6 Re7 40.Rxg6+ Kh7 41.Rg5 Kh6 42.h4 Rc7 43.Kg2 Rc1
44.Rg4  1-0

[Event "Pozarevac"]
[Site "Pozarevac"]
[Date "1995.??.??"]
[Round "5"]
[White "Zontakh, Andrey"]
[Black "Matulovic, Milan"]
[Result "1-0"]
[WhiteElo "2460"]
[BlackElo "2455"]

1.e4 c5 2.Nf3 Nc6 3.d4 cxd4 4.Nxd4 Qc7 5.Nc3 e6 6.Be3 a6 7.Bd3 Nf6 8.O-O Ne5
9.h3 Bc5 10.Kh1 d6 11.f4 Ned7 12.a3 b5 13.Bxb5 axb5 14.Ndxb5 Qc6 15.Bxc5 dxc5
16.e5 Ba6 17.a4 Nd5 18.Nxd5 exd5 19.Nd6+ Ke7 20.Re1 h5 21.Qf3 Bb7 22.b3 Rab8
23.Qg3 g6 24.Qg5+ Kf8 25.Nxf7 Kxf7 26.e6+ Ke8 27.exd7+ Kxd7 28.Re7+ Kc8 29.Rae1 Rd8
30.R1e6 Rd6 31.Re8+ Kc7 32.R6e7+ Rd7 33.Qe5+ Kb6 34.Rxb8 Rxe7 35.Qxe7 d4
36.Qxb7+ Qxb7 37.Rxb7+ Kxb7 38.g4 hxg4 39.hxg4 Kc6 40.Kg2 Kd5 41.Kf3 c4 42.bxc4+ Kxc4
43.Ke4 Kb4 44.Kxd4 Kxa4 45.f5 gxf5 46.gxf5  1-0

[Event "CRO-Cup"]
[Site "Pula"]
[Date "1995.??.??"]
[Round "5"]
[White "Palac, Mladen"]
[Black "Sax, Gyula"]
[Result "0-1"]
[WhiteElo "2545"]
[BlackElo "2535"]

1.e4 c5 2.Nf3 Nc6 3.d4 cxd4 4.Nxd4 Qb6 5.Nb3 Nf6 6.Nc3 e6 7.Bd3 a6 8.O-O d6
9.Be3 Qc7 10.f4 b5 11.Qf3 Bb7 12.Rae1 Be7 13.Qg3 O-O 14.Kh1 Kh8 15.Nd4 Nb4
16.a3 Nxd3 17.cxd3 Nd7 18.Rc1 Qd8 19.b4 Rc8 20.Rc2 Bh4 21.Qg4 Bf6 22.Rfc1 g6
23.Qe2 Bg7 24.Qd2 e5 25.Nb3 f5 26.exf5 gxf5  0-1

[Event "San Luis Clarin GP"]
[Site "San Luis"]
[Date "1995.??.??"]
[Round "6"]
[White "Sieiro Gonzalez, Luis"]
[Black "Fuentes, Alberto"]
[Result "1-0"]
[WhiteElo "2385"]
[BlackElo "2210"]

1.e4 c5 2.Nf3 Nc6 3.d4 cxd4 4.Nxd4 Qb6 5.Nb3 Nf6 6.Nc3 e6 7.Bd3 a6 8.Be3 Qc7
9.f4 d6 10.Qf3 Be7 11.O-O-O O-O 12.g4 Rb8 13.g5 Nd7 14.h4 b5 15.Kb1 b4 16.Ne2 a5
17.Nbd4 Nxd4 18.Nxd4 Nc5 19.f5 Re8 20.f6 Bf8 21.h5 Nxd3 22.cxd3 g6 23.Rdf1 Rb7
24.Qf2 e5 25.Nb3 Be6 26.Qh2 h6 27.gxh6 Kh7 28.Qg3 Rc8 29.Rfg1 Qc2+ 30.Ka1 a4
31.hxg6+ fxg6 32.Qxg6+ Kh8 33.f7 Bxf7 34.Qg7+ Bxg7  1-0

[Event "Asia-chT"]
[Site "Singapore"]
[Date "1995.??.??"]
[Round "3"]
[White "Zagrebelny, Sergey"]
[Black "Khatanbaatar, B."]
[Result "0-1"]
[WhiteElo "2510"]
[BlackElo "2440"]

1.e4 c5 2.Nf3 Nc6 3.d4 cxd4 4.Nxd4 Qc7 5.Nc3 e6 6.Be3 a6 7.Qd2 Nf6 8.f3 Bb4
9.g4 h6 10.a3 Be7 11.O-O-O b5 12.Nxc6 dxc6 13.h4 b4 14.Na4 bxa3 15.b3 c5
16.Bc4 Bd7 17.Nc3 Bc6 18.g5 Rd8 19.Qg2 Rxd1+ 20.Rxd1 hxg5 21.hxg5 Rh2 22.Qg1 Qe5
23.Rd3 Nh5 24.Kb1 Rh4 25.g6 Bb5 26.gxf7+ Kxf7 27.Ka2 Bxc4 28.bxc4 Nf4 29.Bxf4 Qxf4
30.Nb1 Rh3 31.Qd1 Bf6 32.Nxa3 Qe5 33.c3 Rh2+ 34.Nc2 Kg8 35.Qb1 Qg3 36.Qb3 Qf2
37.Kb2 Kh7 38.Qa4 Qe2 39.Rd7 Qxf3 40.Qb3 Qxe4 41.Rf7 Rh3  0-1

[Event "Asia-chT"]
[Site "Singapore"]
[Date "1995.??.??"]
[Round "7"]
[White "Cao Sang"]
[Black "Enhbat, Tegshsuren"]
[Result "1/2-1/2"]
[WhiteElo "2420"]
[BlackElo "2285"]

1.e4 c5 2.Nf3 Nc6 3.d4 cxd4 4.Nxd4 Qc7 5.Be3 e6 6.Nc3 a6 7.Bd3 Nf6 8.a3 Be7
9.O-O O-O 10.Kh1 d6 11.f4 Nxd4 12.Bxd4 e5 13.Be3 exf4 14.Bxf4 Be6 15.Qe1 Nd7
16.Qg3 Ne5 17.Nd5 Bxd5 18.exd5 b5 19.Rae1 Nxd3 20.Bh6 g6 21.Qxd3 Rfe8 22.Qe4 Qd7
23.Qf4 Bf8 24.Bxf8 Rxf8 25.Qf6 Rfe8 26.h3 Rac8 27.c3 a5 28.Kh2 a4 29.Kh1 Rcd8
30.Kh2 Rc8 31.Kg1 Rcd8 32.Qf4 Re5 33.Rxe5 dxe5 34.Qxe5 Qxd5 35.Qxd5 Rxd5
36.Rf4 f5 37.Rb4 Kf7 38.Kf2 Ke6 39.Ke3 Ke5 40.h4 h6  1/2-1/2

[Event "Asia-chT"]
[Site "Singapore"]
[Date "1995.??.??"]
[Round "8"]
[White "Wang Zili"]
[Black "Khatanbaatar, B."]
[Result "0-1"]
[WhiteElo "2525"]
[BlackElo "2440"]

1.e4 c5 2.Nf3 Nc6 3.d4 cxd4 4.Nxd4 Qc7 5.Nc3 e6 6.Be2 a6 7.O-O Nf6 8.Be3 Bb4
9.Na4 O-O 10.c4 Bd6 11.f4 Nxe4 12.Nxc6 bxc6 13.c5 Be7 14.Qd4 Nf6 15.Bf3 Nd5
16.Bd2 Bb7 17.Rac1 Rad8 18.f5 Bf6 19.Qf2 exf5 20.Bxd5 cxd5 21.Qxf5 Qc6 22.b3 d4
23.Qg4 Rde8 24.Nb6 h5 25.Qh3 Re2 26.Rf2 Rfe8 27.Qxd7 d3 28.Qxc6 Bxc6 29.Rxe2 Rxe2
30.Nc4 Bd4+  0-1

[Event "SVK-chT"]
[Site "?"]
[Date "1995.??.??"]
[Round "?"]
[White "Kalisky, Vladimir"]
[Black "Lanc, Alois"]
[Result "1/2-1/2"]
[WhiteElo "2215"]
[BlackElo "2415"]

1.e4 c5 2.Nf3 Nc6 3.d4 cxd4 4.Nxd4 Qb6 5.Nb3 Nf6 6.Nc3 e6 7.Bd3 d6 8.O-O Be7
9.a4 O-O 10.a5 Qc7 11.Qe2 Nd7 12.Rd1 Nde5 13.Bf4 Bd7 14.Nb5 Qb8 15.c3 a6
16.Na3 b5 17.Nc2 Qb7 18.Nb4 Nxb4 19.cxb4 Nxd3 20.Qxd3 Bc6 21.Bxd6 Bxe4 22.Qg3 Bd5
23.Nc5 Bxd6 24.Qxd6 Qa7 25.Ra3 Rfd8 26.Qf4 Qe7 27.Rg3 Kf8 28.Rgd3 Qf6 29.Qxf6 gxf6
30.f4 Ke7 31.Kf2 Rg8 32.Rg3 h5 33.Rxg8 Rxg8 34.Rg1 Ra8 35.Ke3 Kd6 36.Rd1 Kc6
37.Rd2 e5 38.g3 Be6 39.Ke4 exf4 40.Kxf4 Rg8 41.Ke3 Bc8 42.Rf2 f5 43.Rc2 Kd6
44.Rd2+ Kc7 45.Rd4 Re8+ 46.Kd2 Rh8 47.Kc3 Rh6 48.Rh4 Kd6 49.Nd3 Bb7 50.Kd4 Rh8
51.Ke3 Re8+ 52.Kf2 Rh8 53.Nf4 Rc8 54.Ke3 Rc4 55.Rxh5 Rxb4 56.Nd3 Re4+ 57.Kd2 Rd4
58.Ke3 Re4+ 59.Kf2 Rd4 60.Ke3  1/2-1/2

[Event "SVK-chT"]
[Site "?"]
[Date "1995.??.??"]
[Round "?"]
[White "Briestensky, Rastislav"]
[Black "Vokac, Marek"]
[Result "1-0"]
[WhiteElo "2215"]
[BlackElo "2485"]

1.e4 c5 2.Nf3 Nc6 3.d4 cxd4 4.Nxd4 Qb6 5.Nb3 Nf6 6.Nc3 e6 7.Be3 Qc7 8.a3 a6
9.f4 d6 10.Be2 Be7 11.Bf3 O-O 12.O-O b5 13.Qe2 Bb7 14.Qf2 Rfe8 15.Rfc1 Rac8
16.Ne2 e5 17.Ng3 d5 18.Bb6 Qb8 19.exd5 exf4 20.Nf5 Ne5 21.Nxe7+ Rxe7 22.d6 Nxf3+
23.gxf3 Re6 24.Bc7 Qa8 25.Re1 Nd5 26.Rxe6 fxe6 27.Ba5 Nf6 28.Nc5 Bxf3 29.d7 Nxd7
30.Nxd7 Qe4 31.Bc3 Qg6+ 32.Kf1 Bd5 33.Ne5 Qf5 34.Re1 a5 35.Nd3 Qg4 36.Re2 h5
37.Ke1 f3 38.Re3 Qg5 39.Re5 Qh6 40.Qe3 Qxe3+ 41.Rxe3 Rc4 42.Re5 Rg4 43.Nf2 Rg1+
44.Kd2 g6 45.Ke3 Rc1 46.Kd2 Rg1 47.h4 Rg2 48.Ke3 Rh2 49.Rxd5 exd5 50.Bf6 Rg2
51.Kxf3 Rg1 52.Bd8 a4 53.Nd3 Kf7 54.Ke3 Ke6 55.Nf4+ Kf5 56.Ne2 Rb1 57.Nd4+ Kg4
58.b4 axb3 59.cxb3 Rh1 60.Bg5 Re1+ 61.Kd3 Re5 62.Bf6 Re8 63.Nxb5 Rf8 64.Be7 Rf3+
65.Kc2 Rf2+ 66.Kc3 Rf3+ 67.Kb4 Rf7 68.Bg5 Rf5 69.a4 Rxg5 70.hxg5 h4 71.a5 h3
72.a6 h2 73.a7 h1=Q 74.a8=Q Qe1+ 75.Nc3 d4 76.Qe4+ Qxe4 77.Nxe4 Kf4 78.Nf2 Ke3
79.Kc4 Kxf2 80.Kxd4 Kf3 81.Ke5 Kg4 82.Kf6 Kf4 83.Kxg6 Ke5 84.Kh7 Kd6 85.g6 Kc5
86.g7 Kb4 87.g8=Q  1-0